The Lands Tribunal: procedure and practice with statutes, rules and forms (Record no. 86959)

MARC details
000 -LEADER
fixed length control field 00472cam a2200181 4500
001 - CONTROL NUMBER
control field D8297
008 - FIXED-LENGTH DATA ELEMENTS--GENERAL INFORMATION
fixed length control field 090401t1952 xxu||||| |||| 00| 0 eng d
035 ## - SYSTEM CONTROL NUMBER
System control number (Sirsi) u12216
041 ## - LANGUAGE CODE
Language code of text/sound track or separate title eng
050 ## - LIBRARY OF CONGRESS CALL NUMBER
Classification number 347.4104
100 ## - MAIN ENTRY--PERSONAL NAME
Personal name Rodgers, Spencer C
245 #4 - TITLE STATEMENT
Title The Lands Tribunal: procedure and practice with statutes, rules and forms
260 ## - PUBLICATION, DISTRIBUTION, ETC.
Place of publication, distribution, etc. London
Name of publisher, distributor, etc. Estates Gazette
Date of publication, distribution, etc. 1952
300 ## - PHYSICAL DESCRIPTION
Extent xxxi. 326p. 23cm
350 ## - PRICE (NR) (BK AM CF MU VM SE) [OBSOLETE]
Price 1.38
942 ## - ADDED ENTRY ELEMENTS (KOHA)
Suppress in OPAC 0
948 ## - LOCAL PROCESSING INFORMATION (OCLC); SERIES PART DESIGNATOR (RLIN)
c (OCLC) 04/03/1997
Holdings
Withdrawn status Lost status Source of classification or shelving scheme Damaged status Not for loan Home library Current library Shelving location Date acquired Cost, normal purchase price Total Checkouts Full call number Barcode Date last seen Copy number Cost, replacement price Price effective from Koha item type
    Dewey Decimal Classification     London London Basement 21/08/1991 1.38   SHELF 134 30022823 06/08/2019 1 1.38 06/08/2019 Reference material